| 000 | 005190000a22001930004500 | ||
|---|---|---|---|
| 001 | 003059 | ||
| 003 | MACL | ||
| 005 | 20150918120720.0 | ||
| 008 | 150918b xxu||||| |||| 00| 0 eng d | ||
| 040 |
_aMACL _cMACL |
||
| 041 | _aEnglish | ||
| 082 | _a824/KAR | ||
| 100 |
_aKar, Prafulla C. _911759 |
||
| 245 |
_aTheory And Praxis _bCurriculum, Culture, And English Studies _cPrafulla C. Kar |
||
| 260 |
_aDelhi _c2003 _bPencraft International, |
||
| 350 | _a495 | ||
| 650 |
_aEnglish Essay _98946 |
||
| 942 |
_k824 _cBK _2ddc |
||
| 999 |
_c14965 _d14965 |
||